Science Quiz

Random Science or Alphabet Quiz
Score 0/12 Timer 03:00
0 Plays Today
Question Answer Wrong Answers
Which element would be first alphabetically? -oron
89.7%
-ydrogen
2.6%
-itrogen
1%
-itanium
0.9%
Which element would be second alphabetically? -luorine
88.7%
-rsenic
2.3%
-eon
1.9%
-odium
1.1%
Which element would be second alphabetically? -ead
87.7%
-obalt
3.2%
-otassium
1.9%
-inc
1.2%
Which element would be first alphabetically? -arium
86.8%
-old
5.1%
-eptunium
1.1%
-ulfur
1%
Which element would be fourth alphabetically? -adon
86.1%
-luminum
1.9%
-opper
1.4%
-ithium
4.4%
Which element would be first alphabetically? -ismuth
86.1%
-elium
6%
-ickel
0.9%
-in
1.2%
Which element would be third alphabetically? -xygen
84.7%
-romine
2.4%
-odine
3.2%
-ungsten
3.8%
Which element would be third alphabetically? -hosphorus
84.1%
-alcium
2.5%
-ron
4.9%
-ranium
2.3%
Which element would be fourth alphabetically? -ilver
84.1%
-ntimony
3.1%
-insteinium
3%
-agnesium
3.3%
Which element would be fourth alphabetically? -ilicon
84.1%
-rgon
1.8%
-uropium
3.9%
-ercury
3.9%
Which element would be third alphabetically? -latinum
84%
-arbon
2.4%
-rypton
4.7%
-enon
2.4%
Which element would be second alphabetically? -awrencium
71.3%
-hlorine
15.2%
-lutonium
2.5%
-ttrium
5%
Remove Ads.
Support Sporcle.
Get the best of Sporcle when you Go Orange. This ad-free experience offers more features, more stats, and more fun while also helping to support Sporcle. Thank you for becoming a member.

You're not logged in!

Compare scores with friends on all Sporcle quizzes.
OR
Log In

Show Comments

Extras

Top Quizzes Today


Score Distribution

Your Account Isn't Verified!

In order to create a playlist on Sporcle, you need to verify the email address you used during registration. Go to your Sporcle Settings to finish the process.

Report this User

Report this user for behavior that violates our Community Guidelines.

Details: